<?xml version="1.0" encoding="UTF-8"?>
<record
    xmlns:xsi="http://www.w3.org/2001/XMLSchema-instance"
    xsi:schemaLocation="http://www.loc.gov/MARC21/slim http://www.loc.gov/standards/marcxml/schema/MARC21slim.xsd"
    xmlns="http://www.loc.gov/MARC21/slim">

  <leader>01003cam a22002534a 4500</leader>
  <datafield tag="999" ind1=" " ind2=" ">
    <subfield code="c">57451</subfield>
    <subfield code="d">57451</subfield>
  </datafield>
  <controlfield tag="001">12776205</controlfield>
  <controlfield tag="005">20211116114710.0</controlfield>
  <controlfield tag="008">020515s2016    ne       b    001 0 eng  </controlfield>
  <datafield tag="020" ind1=" " ind2=" ">
    <subfield code="a">9783319210148</subfield>
  </datafield>
  <datafield tag="041" ind1=" " ind2=" ">
    <subfield code="a">eng</subfield>
  </datafield>
  <datafield tag="080" ind1=" " ind2=" ">
    <subfield code="a">517.98 I-57</subfield>
  </datafield>
  <datafield tag="245" ind1="1" ind2="0">
    <subfield code="a">Integral Operators in Non-Standard Function Spaces :</subfield>
    <subfield code="c">by  Vakhtang Kokilashvili, and Alexander Meskhi, Humberto Rafeiro, Stefan Samko.</subfield>
    <subfield code="b">Volume 1 /</subfield>
  </datafield>
  <datafield tag="264" ind1=" " ind2=" ">
    <subfield code="a">Boston :</subfield>
    <subfield code="b">Birkh&#xE4;user,</subfield>
    <subfield code="c">2016.</subfield>
  </datafield>
  <datafield tag="300" ind1=" " ind2=" ">
    <subfield code="a">567 p. ;</subfield>
    <subfield code="c">25 cm.</subfield>
  </datafield>
  <datafield tag="504" ind1=" " ind2=" ">
    <subfield code="a">Includes bibliographical references (p. 529-553) and index.</subfield>
  </datafield>
  <datafield tag="653" ind1=" " ind2=" ">
    <subfield code="a">&#x10DB;&#x10D0;&#x10D7;&#x10D4;&#x10DB;&#x10D0;&#x10E2;&#x10D8;&#x10D9;&#x10D0;</subfield>
  </datafield>
  <datafield tag="653" ind1=" " ind2=" ">
    <subfield code="a">&#x10D8;&#x10DC;&#x10E2;&#x10D4;&#x10D2;&#x10E0;&#x10D0;&#x10DA;&#x10D4;&#x10D1;&#x10D8;</subfield>
  </datafield>
  <datafield tag="700" ind1="1" ind2=" ">
    <subfield code="a">Kokilashvili, V. M.</subfield>
    <subfield code="q">(Vakhtang Mikha&#x12D;lovich)</subfield>
    <subfield code="e">&#x10D0;&#x10D5;&#x10E2;&#x10DD;&#x10E0;&#x10D8;</subfield>
    <subfield code="9">8354</subfield>
  </datafield>
  <datafield tag="700" ind1="1" ind2=" ">
    <subfield code="a">Meskhi, Alexander </subfield>
    <subfield code="e">&#x10D0;&#x10D5;&#x10E2;&#x10DD;&#x10E0;&#x10D8;</subfield>
    <subfield code="9">8357</subfield>
  </datafield>
  <datafield tag="700" ind1="1" ind2=" ">
    <subfield code="a"> Rafeiro, Humberto</subfield>
    <subfield code="e">&#x10D0;&#x10D5;&#x10E2;&#x10DD;&#x10E0;&#x10D8;</subfield>
    <subfield code="9">8686</subfield>
  </datafield>
  <datafield tag="700" ind1="1" ind2=" ">
    <subfield code="a"> Samko, Stefan</subfield>
    <subfield code="e">&#x10D0;&#x10D5;&#x10E2;&#x10DD;&#x10E0;&#x10D8;</subfield>
    <subfield code="9">8687</subfield>
  </datafield>
  <datafield tag="700" ind1="1" ind2=" ">
    <subfield code="a">Meskhi, Alexander.</subfield>
    <subfield code="e">&#x10D0;&#x10D5;&#x10E2;&#x10DD;&#x10E0;&#x10D8;</subfield>
    <subfield code="9">8357</subfield>
  </datafield>
  <datafield tag="942" ind1=" " ind2=" ">
    <subfield code="2">udc</subfield>
    <subfield code="c">BK</subfield>
  </datafield>
  <datafield tag="952" ind1=" " ind2=" ">
    <subfield code="0">0</subfield>
    <subfield code="1">0</subfield>
    <subfield code="2">udc</subfield>
    <subfield code="4">0</subfield>
    <subfield code="6">51798_I57</subfield>
    <subfield code="7">0</subfield>
    <subfield code="9">89162</subfield>
    <subfield code="a">CPL</subfield>
    <subfield code="b">CPL</subfield>
    <subfield code="c">GEN</subfield>
    <subfield code="d">2020-06-23</subfield>
    <subfield code="g">174.00</subfield>
    <subfield code="o">517.98 I-57</subfield>
    <subfield code="p">60646</subfield>
    <subfield code="r">2020-06-23</subfield>
    <subfield code="t">60646</subfield>
    <subfield code="w">2020-06-23</subfield>
    <subfield code="y">BK</subfield>
    <subfield code="z">174 Gel.</subfield>
  </datafield>
</record>
